000 00236nam a2200097Ia 4500
001 716595
005 20250826162947.0
008 250824s9999 xx 000 0 und d
245 0 _aUCUBELER SİRKİ
_cDARREN SHAN
260 _bTUDEM YAYINLARI
999 _c716595
_d716595